| 000 | 01120nam a22002895i 4500 | ||
|---|---|---|---|
| 001 | 20600887 | ||
| 003 | NUST | ||
| 005 | 20221006084227.0 | ||
| 008 | 180726s2018 nyu 000 0 eng | ||
| 010 | _a 2018953059 | ||
| 020 | _a9783319698465 | ||
| 040 |
_aDLC _beng _erda _cDLC |
||
| 042 | _apcc | ||
| 082 | _a518, GUS | ||
| 245 | 0 | 0 |
_aScientific computing : _ba historical perspective / _c[edited by] Bertil Gustafsson. |
| 250 | _a1st edition. | ||
| 263 | _a1808 | ||
| 264 | 1 |
_aNew York, NY : _bSpringer Berlin Heidelberg, _c2018. |
|
| 300 | _axiii, 253:pages | ||
| 336 |
_atext _btxt _2rdacontent |
||
| 337 |
_aunmediated _bn _2rdamedia |
||
| 338 |
_avolume _bnc _2rdacarrier |
||
| 505 | _aScientific Computing: An Introduction (Page-1), Computation Far Back in Time (Page-5),The Centuries Before Computers (Page-17),The Beginning of the Computer Era (Page-89),The Establishment of Scientific Computing as a New Discipline (Page-133),Impact of Numerical Analysis and Scientific Computing (Page-233). | ||
| 906 |
_a0 _bibc _corignew _d2 _eepcn _f20 _gy-gencatlg |
||
| 942 |
_2ddc _cBK |
||
| 999 |
_c591517 _d591517 |
||